000 01168nam0a2200325 4500
001 RU\NLR\BIBL_A\011203771
005 20250625215310.0
010 _a978-5-00105-018-6
_950
021 _aRU
_b2016-63800
_94068
035 _a(NILC)RuMoRGB-008579350
035 _a(NLR Aleph) 011203771
090 _a11938035
_c11938035
100 _a20160902d2016 |||y0rusy50 ca
101 0 _aeng
102 _aRU
105 _aa|||j|||000yy
200 1 _aOrganic chemistry
_etextbook
_fD. S. Lutskiy, O. V. Cheremisina
210 _aSaint-Petersburg
_c[s. n.]
_d2016
215 _a173 с.
_cил.
_d21
320 _aБиблиогр.: с. 168-170 (15 назв.)
606 1 _aОрганическая химия
_jУчебные издания для высших учебных заведений
_xЛабораторная практика
_92337666
_3RU\NLR\AUTH\661397510
675 _a547
686 1 _aГ2я73-5
700 1 _aLuckij
_bD. S.
_gDenis Sergeevič
701 1 _aČeremisina
_bO. V.
_gOl'ga Vladimirovna
801 0 _aRU
_bРГБ
_c20160815
_gRCR
942 _cBOOK
980 _aNB